countries donald trump's family is from - Statistics

General Stats
  • This quiz has been taken 65 times
  • The average score is 3 of 6
Answer Stats
% Correct
his grandfather,great grandfather, and great great grandfather german
95%
one of his wives slovenian
62%
himself, his father, one of his wives, and his children american
57%
one of his wives czech
54%
his mother british
46%
the same wife czechoslovak
11%
No matching quizzes found
Score Distribution
Percent of People with Each Score
Percentile by Number Answered
Your Score History
You have not taken this quiz